[Event "Vaujany op-B 7th"]
[Site "Vaujany"]
[Date "2016.07.16"]
[Round "4"]
[White "David, Dorian Ciprian"]
[Black "Dubois, Herve"]
[Result "0-1"]
[WhiteElo "1774"]
[BlackElo "1863"]
[PlyCount "66"]
[EventDate "2016.07.16"]
[EventType "swiss"]
[EventRounds "9"]
[EventCountry "FRA"]
[SourceTitle "EXT 2017"]
[Source "ChessBase"]
[SourceDate "2016.10.25"]
[SourceVersion "1"]
[SourceVersionDate "2016.10.25"]
[SourceQuality "1"]

1. b4 e5 2. a3 d5 3. Bb2 Nd7 4. e3 Ngf6 5. Nf3 Bd6 6. c4 c6 7. Qc2 Qe7 8. Nc3 0-0 9. cxd5 cxd5 10. Nb5 e4 11. Nxd6 Qxd6 12. Nd4 Nb6 13. Nb5 Qd8 14. Nc7 Rb8 15. Be5 Bf5 16. Rc1 Ng4 17. Bg3 Qe7 18. Qc5 Qf6 19. Nxd5 Nxd5 20. Bxb8 Rxb8 21. Qxd5 Be6 22. Qd6 Qxf2+ 23. Kd1 Bb3+ 24. Rc2 Rc8 25. Bc4 Nxe3+ 26. Kc1 Nxc4 27. Qd7 Rf8 28. Rc3 Ne5 29. Qxb7 Nd3+ 30. Kb1 Qxg2 31. Rhc1 Qxd2 32. Rxb3 Qxc1+ 33. Ka2 Qc2+ 0-1

[Event "Alexander the Great op 5th"]
[Site "Porto Carras"]
[Date "2013.05.07"]
[Round "1"]
[White "David, Dorian Ciprian"]
[Black "Klinova, Masha"]
[Result "0-1"]
[WhiteElo "1721"]
[BlackElo "2316"]
[PlyCount "36"]
[EventDate "2013.05.07"]
[EventType "swiss"]
[EventRounds "7"]
[EventCountry "GRE"]
[SourceTitle "CBM 154 Extra"]
[Source "ChessBase"]
[SourceDate "2013.06.25"]
[SourceVersion "2"]
[SourceVersionDate "2013.06.25"]
[SourceQuality "1"]

1. b4 d5 2. Bb2 Nf6 3. e3 Bf5 4. Nf3 e6 5. a3 Nbd7 6. Nh4 Bg6 7. Nxg6 hxg6 8. c4 c6 9. d3 a5 10. b5 cxb5 11. cxb5 Bd6 12. Nc3 Qe7 13. Qb3 Nb6 14. Na4 Nxa4 15. Qxa4 0-0 16. Be2 Nd7 17. Qd4 Be5 18. Qg4 Bxb2 0-1

[Event "ROM-ch"]
[Site "Sarata Monteoru"]
[Date "2012.02.21"]
[Round "11"]
[White "David, Dorian Ciprian"]
[Black "Soare, Flavius Alexandru"]
[Result "1-0"]
[WhiteElo "1726"]
[BlackElo "1668"]
[PlyCount "33"]
[EventDate "2012.02.13"]
[EventType "swiss"]
[EventRounds "11"]
[EventCountry "ROU"]
[SourceTitle "CBM 147 Extra"]
[Source "ChessBase"]
[SourceDate "2012.04.24"]
[SourceVersion "1"]
[SourceVersionDate "2012.04.24"]
[SourceQuality "1"]

1. b4 d5 2. Bb2 e6 3. Nf3 Nf6 4. a3 Nbd7 5. e3 c5 6. b5 b6 7. c4 Bb7 8. Qb3 dxc4 9. Bxc4 Bxf3 10. gxf3 Bd6 11. f4 Qc7 12. Nc3 0-0 13. Rg1 Rad8 14. Ne4 e5 15. Ng5 Nb8 16. Bxf7+ Kh8 17. Bc4 1-0

[Event "ROM-ch"]
[Site "Sarata Monteoru"]
[Date "2012.02.20"]
[Round "10"]
[White "Vrencian, Lehel"]
[Black "David, Dorian Ciprian"]
[Result "1-0"]
[WhiteElo "1874"]
[BlackElo "1726"]
[PlyCount "39"]
[EventDate "2012.02.13"]
[EventType "swiss"]
[EventRounds "11"]
[EventCountry "ROU"]
[SourceTitle "CBM 147 Extra"]
[Source "ChessBase"]
[SourceDate "2012.04.24"]
[SourceVersion "1"]
[SourceVersionDate "2012.04.24"]
[SourceQuality "1"]

1. e4 a6 2. Bc4 b5 3. Bxf7+ Kxf7 4. Qh5+ g6 5. Qd5+ e6 6. Qxa8 Nc6 7. Nf3 Bc5 8. d3 Nge7 9. Be3 Bb6 10. a4 Nb4 11. Na3 bxa4 12. 0-0 c5 13. c3 Nbc6 14. Nc4 Qc7 15. b4 Nb8 16. bxc5 Bxc5 17. Bxc5 Nbc6 18. Bb6 Qf4 19. Be3 Qf6 20. e5 1-0

[Event "ROM-ch"]
[Site "Sarata Monteoru"]
[Date "2012.02.14"]
[Round "2"]
[White "David, Alexandru Vasile"]
[Black "David, Dorian Ciprian"]
[Result "1-0"]
[WhiteElo "1968"]
[BlackElo "1726"]
[PlyCount "55"]
[EventDate "2012.02.13"]
[EventType "swiss"]
[EventRounds "11"]
[EventCountry "ROU"]
[SourceTitle "CBM 147 Extra"]
[Source "ChessBase"]
[SourceDate "2012.04.24"]
[SourceVersion "1"]
[SourceVersionDate "2012.04.24"]
[SourceQuality "1"]

1. d4 b5 2. e4 a6 3. Bd3 Bb7 4. Nf3 e6 5. 0-0 Nf6 6. Nbd2 c5 7. dxc5 Bxc5 8. a4 b4 9. e5 Nd5 10. Ne4 d6 11. Nxc5 dxc5 12. Re1 Nc6 13. Nd2 Nd4 14. Ne4 0-0 15. Nxc5 Bc6 16. Qg4 Ne7 17. Bg5 Ndf5 18. Rad1 Qb6 19. Ne4 Ng6 20. h4 Bxe4 21. Rxe4 h5 22. Qf3 Nxe5 23. Rxe5 f6 24. Rxf5 exf5 25. Bc4+ Rf7 26. Qxa8+ Kh7 27. Bxf7 fxg5 28. Qg8+ 1-0

[Event "ROM-chT Div-A"]
[Site "Slanic Moldova"]
[Date "2011.10.04"]
[Round "3"]
[White "David, Dorian Ciprian"]
[Black "Florea, Leonard Gelu"]
[Result "0-1"]
[WhiteElo "1726"]
[BlackElo "2003"]
[PlyCount "107"]
[EventDate "2011.10.03"]
[EventType "team-tourn"]
[EventRounds "9"]
[EventCountry "ROU"]
[SourceTitle "CBM 144 Extra"]
[Source "ChessBase"]
[SourceDate "2011.10.28"]
[SourceVersion "1"]
[SourceVersionDate "2011.10.28"]
[SourceQuality "1"]

1. b4 d5 2. Bb2 Bf5 3. Nf3 Nf6 4. e3 e6 5. a3 Be7 6. c4 c6 7. Nc3 Nbd7 8. d3 0-0 9. Be2 h6 10. 0-0 e5 11. Nh4 Bh7 12. f4 exf4 13. exf4 dxc4 14. dxc4 Ne4 15. Nf3 Qb6+ 16. Qd4 Bf6 17. Qxb6 axb6 18. Nd1 Bxb2 19. Nxb2 Nc3 20. Bd3 Rfe8 21. Rfe1 Be4 22. Bxe4 Rxe4 23. Rxe4 Nxe4 24. Nd3 Kf8 25. Nf2 Ndf6 26. Nxe4 Nxe4 27. Re1 f5 28. Re3 Rd8 29. h3 Rd1+ 30. Re1 Rxe1+ 31. Nxe1 Nd2 32. c5 bxc5 33. bxc5 Ke7 34. Nc2 Ne4 35. Nd4 g6 36. g4 fxg4 37. hxg4 Nxc5 38. Kg2 Ne6 39. Ne2 b5 40. Kf3 Kf6 41. Ke3 h5 42. gxh5 gxh5 43. Ng3 h4 44. Ne4+ Kf5 45. Nd6+ Kg4 46. f5 Nf4 47. f6 Nd5+ 48. Kf2 Nxf6 49. Nc8 Ne4+ 50. Kg1 Kg3 51. Ne7 c5 52. Nf5+ Kg4 53. Nh6+ Kf4 54. Kh2 0-1